<?xml version="1.0" encoding="UTF-8"?>
<record
    xmlns:xsi="http://www.w3.org/2001/XMLSchema-instance"
    xsi:schemaLocation="http://www.loc.gov/MARC21/slim http://www.loc.gov/standards/marcxml/schema/MARC21slim.xsd"
    xmlns="http://www.loc.gov/MARC21/slim">

  <leader>00490nam a22001577a 4500</leader>
  <controlfield tag="003">OSt</controlfield>
  <controlfield tag="005">20150909162046.0</controlfield>
  <controlfield tag="008">150909b        xxu||||| |||| 00| 0 eng d</controlfield>
  <datafield tag="040" ind1=" " ind2=" ">
    <subfield code="c">RUA</subfield>
  </datafield>
  <datafield tag="082" ind1=" " ind2=" ">
    <subfield code="a">AGR &#x178A;&#x17BB;&#x1784; 1994 B009 Or.1</subfield>
  </datafield>
  <datafield tag="100" ind1=" " ind2=" ">
    <subfield code="9">196</subfield>
    <subfield code="a">&#x178A;&#x17BB;&#x1784; &#x1785;&#x17B7;&#x1793;&#x17D2;&#x178A;&#x17B6;</subfield>
  </datafield>
  <datafield tag="245" ind1=" " ind2=" ">
    <subfield code="a">&#x1780;&#x17B6;&#x179A;&#x178F;&#x17D2;&#x179A;&#x17BD;&#x178F;&#x1796;&#x17B7;&#x1793;&#x17B7;&#x178F;&#x17D2;&#x1799; &#x1793;&#x17B7;&#x1784;&#x179C;&#x17B6;&#x1799;&#x178F;&#x17C6;&#x179B;&#x17C3;&#x1780;&#x17C5;&#x179F;&#x17CA;&#x17BC;&#x1780;&#x1798;&#x17D2;&#x1796;&#x17BB;&#x1787;&#x17B6;</subfield>
  </datafield>
  <datafield tag="260" ind1=" " ind2=" ">
    <subfield code="a">Phnom Penh</subfield>
    <subfield code="b">RUA</subfield>
    <subfield code="c">1994</subfield>
  </datafield>
  <datafield tag="300" ind1=" " ind2=" ">
    <subfield code="a">49p.</subfield>
    <subfield code="b">ill.</subfield>
    <subfield code="c">29cm.</subfield>
  </datafield>
  <datafield tag="942" ind1=" " ind2=" ">
    <subfield code="2">ddc</subfield>
    <subfield code="c">AGR</subfield>
  </datafield>
  <datafield tag="999" ind1=" " ind2=" ">
    <subfield code="c">175</subfield>
    <subfield code="d">175</subfield>
  </datafield>
  <datafield tag="952" ind1=" " ind2=" ">
    <subfield code="0">0</subfield>
    <subfield code="1">0</subfield>
    <subfield code="2">ddc</subfield>
    <subfield code="4">0</subfield>
    <subfield code="6">AGR_&#x178A;&#x17BB;&#x1784;_1994_000000000000000_B009_OR_1</subfield>
    <subfield code="7">0</subfield>
    <subfield code="9">697</subfield>
    <subfield code="a">LBB</subfield>
    <subfield code="b">LBB</subfield>
    <subfield code="c">B009</subfield>
    <subfield code="d">2015-09-09</subfield>
    <subfield code="o">AGR &#x178A;&#x17BB;&#x1784; 1994 B009 Or.1</subfield>
    <subfield code="p">RUA003963</subfield>
    <subfield code="r">2015-09-09</subfield>
    <subfield code="w">2015-09-09</subfield>
    <subfield code="y">AGR</subfield>
  </datafield>
  <datafield tag="952" ind1=" " ind2=" ">
    <subfield code="0">0</subfield>
    <subfield code="1">0</subfield>
    <subfield code="2">ddc</subfield>
    <subfield code="4">0</subfield>
    <subfield code="6">AGR_&#x178A;&#x17BB;&#x1784;_1994_000000000000000_B009_OR_2</subfield>
    <subfield code="7">0</subfield>
    <subfield code="9">698</subfield>
    <subfield code="a">LBB</subfield>
    <subfield code="b">LBB</subfield>
    <subfield code="c">B009</subfield>
    <subfield code="d">2015-09-09</subfield>
    <subfield code="o">AGR &#x178A;&#x17BB;&#x1784; 1994 B009 Or.2</subfield>
    <subfield code="p">RUA003396</subfield>
    <subfield code="r">2015-09-09</subfield>
    <subfield code="w">2015-09-09</subfield>
    <subfield code="y">AGR</subfield>
  </datafield>
  <datafield tag="952" ind1=" " ind2=" ">
    <subfield code="0">0</subfield>
    <subfield code="1">0</subfield>
    <subfield code="2">ddc</subfield>
    <subfield code="4">0</subfield>
    <subfield code="6">AGR_&#x178A;&#x17BB;&#x1784;_1994_000000000000000_B009_OR_3</subfield>
    <subfield code="7">0</subfield>
    <subfield code="9">699</subfield>
    <subfield code="a">LBB</subfield>
    <subfield code="b">LBB</subfield>
    <subfield code="c">B009</subfield>
    <subfield code="d">2015-09-09</subfield>
    <subfield code="o">AGR &#x178A;&#x17BB;&#x1784; 1994 B009 Or.3</subfield>
    <subfield code="p">RUA003468</subfield>
    <subfield code="r">2015-09-09</subfield>
    <subfield code="w">2015-09-09</subfield>
    <subfield code="y">AGR</subfield>
  </datafield>
  <datafield tag="952" ind1=" " ind2=" ">
    <subfield code="0">0</subfield>
    <subfield code="1">0</subfield>
    <subfield code="2">ddc</subfield>
    <subfield code="4">0</subfield>
    <subfield code="6">AGR_&#x178A;&#x17BB;&#x1784;_1994_000000000000000_B009_OR_4</subfield>
    <subfield code="7">0</subfield>
    <subfield code="9">700</subfield>
    <subfield code="a">LBB</subfield>
    <subfield code="b">LBB</subfield>
    <subfield code="c">B009</subfield>
    <subfield code="d">2015-09-09</subfield>
    <subfield code="o">AGR &#x178A;&#x17BB;&#x1784; 1994 B009 Or.4</subfield>
    <subfield code="p">RUA004929</subfield>
    <subfield code="r">2015-09-09</subfield>
    <subfield code="w">2015-09-09</subfield>
    <subfield code="y">AGR</subfield>
  </datafield>
  <datafield tag="952" ind1=" " ind2=" ">
    <subfield code="0">0</subfield>
    <subfield code="1">0</subfield>
    <subfield code="2">ddc</subfield>
    <subfield code="4">0</subfield>
    <subfield code="6">AGR_&#x178A;&#x17BB;&#x1784;_1994_000000000000000_B009_OR_5</subfield>
    <subfield code="7">0</subfield>
    <subfield code="9">701</subfield>
    <subfield code="a">LBB</subfield>
    <subfield code="b">LBB</subfield>
    <subfield code="c">B009</subfield>
    <subfield code="d">2015-09-09</subfield>
    <subfield code="o">AGR &#x178A;&#x17BB;&#x1784; 1994 B009 Or.5</subfield>
    <subfield code="p">RUA003964</subfield>
    <subfield code="r">2015-09-09</subfield>
    <subfield code="w">2015-09-09</subfield>
    <subfield code="y">AGR</subfield>
  </datafield>
  <datafield tag="952" ind1=" " ind2=" ">
    <subfield code="0">0</subfield>
    <subfield code="1">0</subfield>
    <subfield code="2">ddc</subfield>
    <subfield code="4">0</subfield>
    <subfield code="6">AGR_&#x178A;&#x17BB;&#x1784;_1994_000000000000000_B009_OR_6</subfield>
    <subfield code="7">0</subfield>
    <subfield code="9">702</subfield>
    <subfield code="a">LBB</subfield>
    <subfield code="b">LBB</subfield>
    <subfield code="c">B009</subfield>
    <subfield code="d">2015-09-09</subfield>
    <subfield code="l">1</subfield>
    <subfield code="o">AGR &#x178A;&#x17BB;&#x1784; 1994 B009 Or.6</subfield>
    <subfield code="p">RUA004930</subfield>
    <subfield code="r">2025-10-27</subfield>
    <subfield code="s">2025-10-18</subfield>
    <subfield code="w">2015-09-09</subfield>
    <subfield code="y">AGR</subfield>
  </datafield>
  <datafield tag="952" ind1=" " ind2=" ">
    <subfield code="0">0</subfield>
    <subfield code="1">0</subfield>
    <subfield code="2">ddc</subfield>
    <subfield code="4">0</subfield>
    <subfield code="6">AGR_&#x178A;&#x17BB;&#x1784;_1994_000000000000000_B009_OR_7</subfield>
    <subfield code="7">0</subfield>
    <subfield code="9">703</subfield>
    <subfield code="a">LBB</subfield>
    <subfield code="b">LBB</subfield>
    <subfield code="c">B009</subfield>
    <subfield code="d">2015-09-09</subfield>
    <subfield code="o">AGR &#x178A;&#x17BB;&#x1784; 1994 B009 Or.7</subfield>
    <subfield code="p">RUA003540</subfield>
    <subfield code="r">2015-09-09</subfield>
    <subfield code="w">2015-09-09</subfield>
    <subfield code="y">AGR</subfield>
  </datafield>
  <datafield tag="952" ind1=" " ind2=" ">
    <subfield code="0">0</subfield>
    <subfield code="1">0</subfield>
    <subfield code="2">ddc</subfield>
    <subfield code="4">0</subfield>
    <subfield code="6">AGR_&#x178A;&#x17BB;&#x1784;_1994_000000000000000_B009_OR_8</subfield>
    <subfield code="7">0</subfield>
    <subfield code="9">704</subfield>
    <subfield code="a">LBB</subfield>
    <subfield code="b">LBB</subfield>
    <subfield code="c">B009</subfield>
    <subfield code="d">2015-09-09</subfield>
    <subfield code="o">AGR &#x178A;&#x17BB;&#x1784; 1994 B009 Or.8</subfield>
    <subfield code="p">RUA003325</subfield>
    <subfield code="r">2015-09-09</subfield>
    <subfield code="w">2015-09-09</subfield>
    <subfield code="y">AGR</subfield>
  </datafield>
  <datafield tag="952" ind1=" " ind2=" ">
    <subfield code="0">0</subfield>
    <subfield code="1">0</subfield>
    <subfield code="2">ddc</subfield>
    <subfield code="4">0</subfield>
    <subfield code="6">AGR_&#x178A;&#x17BB;&#x1784;_1994_000000000000000_B009_OR_9</subfield>
    <subfield code="7">0</subfield>
    <subfield code="9">705</subfield>
    <subfield code="a">LBB</subfield>
    <subfield code="b">LBB</subfield>
    <subfield code="c">B009</subfield>
    <subfield code="d">2015-09-09</subfield>
    <subfield code="o">AGR &#x178A;&#x17BB;&#x1784; 1994 B009 Or.9</subfield>
    <subfield code="p">RUA003397</subfield>
    <subfield code="r">2015-09-09</subfield>
    <subfield code="w">2015-09-09</subfield>
    <subfield code="y">AGR</subfield>
  </datafield>
  <datafield tag="952" ind1=" " ind2=" ">
    <subfield code="0">0</subfield>
    <subfield code="1">0</subfield>
    <subfield code="2">ddc</subfield>
    <subfield code="4">0</subfield>
    <subfield code="6">AGR_&#x178A;&#x17BB;&#x1784;_1994_000000000000000_B009_OR_10</subfield>
    <subfield code="7">0</subfield>
    <subfield code="9">706</subfield>
    <subfield code="a">LBB</subfield>
    <subfield code="b">LBB</subfield>
    <subfield code="c">B009</subfield>
    <subfield code="d">2015-09-09</subfield>
    <subfield code="o">AGR &#x178A;&#x17BB;&#x1784; 1994 B009 Or.10</subfield>
    <subfield code="p">RUA003253</subfield>
    <subfield code="r">2015-09-09</subfield>
    <subfield code="w">2015-09-09</subfield>
    <subfield code="y">AGR</subfield>
  </datafield>
</record>
